000 00574nam a2200217Ia 4500
005 20250508164043.0
008 008 250505s9999 xx 000 0 eng d
020 _a81-87326-03-4
037 _aTextBook
040 _aFEDL
_beng
_cFEDL
041 _aeng
_2eng
084 _a370.1, KRI
_qFEDL
100 _aKrishnamurti J
245 0 _aOn self-knowledge
260 _aChennai, India
_bKrishnamurti Foundation
_c2002
300 _a136p
365 _aINR
_b75
650 _aEducational Philosophy
942 _cTB
_h370.1, KRI
999 _c1386822
_d1386822